000 00301nam a22001337a 4500
008 181101b xxu||||| |||| 00| 0 eng d
020 _a9780231067911
041 _aeng
080 _23rd
_a316
100 _a50
101 _aSOC
245 _aThe Social Work Interview
_cKadushin,A
942 _2udc
_cBK
999 _c51478
_d51478